Cái đẹp

Sparad:
Bibliografiska uppgifter
Materialtyp: Bok
Språk:Undetermined
Publicerad: Hà Nội Thanh niên 1978
Ämnen:
Taggar: Lägg till en tagg
Inga taggar, Lägg till första taggen!
Thư viện lưu trữ: Trung tâm Học liệu Trường Đại học Cần Thơ
LEADER 00391nam a2200157Ia 4500
001 CTU_9449
008 210402s9999 xx 000 0 und d
082 |a 701.17 
082 |b C103 
245 0 |a Cái đẹp 
260 |a Hà Nội 
260 |b Thanh niên 
260 |c 1978 
650 |a aesthetics 
904 |i Minh, 960927 
980 |a Trung tâm Học liệu Trường Đại học Cần Thơ